000
00294 a2200085 4500
020
_a
9781032212203
100
_a
Alberto Gabriele and Elias Jabbour
245
_a
Socialist Economic Development in the 21st Century: A Century after the Bolshevik Revolution
260
_b
Taylor & Francis Ltd
_c
2022
999
_c
13448
_d
13448